Framework - Based Software development in C++
Overview of methodology; The standard template library (STL); Common object request broker architecture; ODMG-93: an object database standard; Domain analysis; Framework design standard; Framework design metrics; Framework development procedures; Framework development strategies...
Wedi'i Gadw mewn:
| Prif Awdur: | |
|---|---|
| Fformat: | Llyfr |
| Iaith: | Undetermined |
| Cyhoeddwyd: |
New Jersey
Prentice Hall PTR
1997
|
| Pynciau: | |
| Tagiau: |
Ychwanegu Tag
Dim Tagiau, Byddwch y cyntaf i dagio'r cofnod hwn!
|
| Thư viện lưu trữ: | Trung tâm Học liệu Trường Đại học Cần Thơ |
|---|
| LEADER | 00866nam a2200205Ia 4500 | ||
|---|---|---|---|
| 001 | CTU_23358 | ||
| 008 | 210402s9999 xx 000 0 und d | ||
| 082 | |a 005.133 | ||
| 082 | |b R724 | ||
| 100 | |a Gregory F. Rogers | ||
| 245 | 0 | |a Framework - Based | |
| 245 | 0 | |b Software development in C++ | |
| 245 | 0 | |c Gregory F. Rogers | |
| 260 | |a New Jersey | ||
| 260 | |b Prentice Hall PTR | ||
| 260 | |c 1997 | ||
| 520 | |a Overview of methodology; The standard template library (STL); Common object request broker architecture; ODMG-93: an object database standard; Domain analysis; Framework design standard; Framework design metrics; Framework development procedures; Framework development strategies... | ||
| 650 | |a C++ (computer progra language),Computer software - development | ||
| 904 | |i Quyên,980525 | ||
| 980 | |a Trung tâm Học liệu Trường Đại học Cần Thơ | ||